| 000 | 01062nam a22002297a 4500 | ||
|---|---|---|---|
| 008 | 221219s2020 xxk|||||o|||| 00| 0 eng d | ||
| 041 | _aeng | ||
| 110 | _aRoyal Institution of Chartered Surveyors | ||
| 245 |
_aHow Does RICS decide when to investigate? _h[Old edition] |
||
| 250 | _aversion 3 | ||
| 260 |
_aLondon, _bRoyal Institution of Chartered Surveyors, _c2020 |
||
| 300 | _a6p. | ||
| 500 | _aVersion 3 with effect from 2 March 2020 | ||
| 520 | _aRICS refers to its professionals and regulated firms as ‘Regulated Members’. This document aims to help Regulated Members and anyone else who reports concerns to understand which types of concerns or allegations RICS is likely to investigate | ||
| 650 | _aRegulation | ||
| 650 | _aProfessional Standards | ||
| 650 | _aMisconduct | ||
| 651 | _aUnited Kingdom | ||
| 710 | _aRoyal Institution of Chartered Surveyors | ||
| 856 |
_uhttps://www.rics.org/profession-standards/knowledge-and-information-services _zTo request a copy of this old edition please email [email protected] |
||
| 942 | _n0 | ||
| 999 |
_c121275 _d121275 |
||